<?xml version="1.0" encoding="UTF-8"?>
<record
    xmlns:xsi="http://www.w3.org/2001/XMLSchema-instance"
    xsi:schemaLocation="http://www.loc.gov/MARC21/slim http://www.loc.gov/standards/marcxml/schema/MARC21slim.xsd"
    xmlns="http://www.loc.gov/MARC21/slim">

  <leader>02566    a2200277   4500</leader>
  <controlfield tag="001">118431</controlfield>
  <controlfield tag="003">OSt</controlfield>
  <controlfield tag="005">20240321184943.0</controlfield>
  <controlfield tag="008">240321b        |||||||| |||| 00| 0 POR d</controlfield>
  <datafield tag="020" ind1=" " ind2=" ">
    <subfield code="a">9786555603071</subfield>
  </datafield>
  <datafield tag="020" ind1=" " ind2=" ">
    <subfield code="q">broch.</subfield>
  </datafield>
  <datafield tag="040" ind1=" " ind2=" ">
    <subfield code="a">BR-BrIDEA</subfield>
    <subfield code="c">BR-BrIDEA</subfield>
  </datafield>
  <datafield tag="041" ind1=" " ind2=" ">
    <subfield code="a">por</subfield>
  </datafield>
  <datafield tag="082" ind1=" " ind2=" ">
    <subfield code="a">[Fic]</subfield>
  </datafield>
  <datafield tag="090" ind1=" " ind2=" ">
    <subfield code="a">Year 7 [Fic]</subfield>
    <subfield code="b">WEL</subfield>
  </datafield>
  <datafield tag="100" ind1=" " ind2=" ">
    <subfield code="a">Welch, Jenna Evans</subfield>
  </datafield>
  <datafield tag="240" ind1="1" ind2="0">
    <subfield code="a">Love &amp; olives</subfield>
  </datafield>
  <datafield tag="245" ind1="1" ind2="0">
    <subfield code="a">Amor &amp; azeitonas</subfield>
    <subfield code="c">Jenna Welch ; tradu&#xE7;&#xE3;o Viviane Diniz</subfield>
  </datafield>
  <datafield tag="260" ind1=" " ind2=" ">
    <subfield code="a">Rio de Janeiro</subfield>
    <subfield code="b">Intr&#xED;nseca</subfield>
    <subfield code="c">2021</subfield>
  </datafield>
  <datafield tag="300" ind1=" " ind2=" ">
    <subfield code="a">443 p.</subfield>
  </datafield>
  <datafield tag="520" ind1=" " ind2=" ">
    <subfield code="a">O que a lenda de uma cidade submersa tem a ver com a vida de uma adolescente? No caso da greco-americana Liv Varanakis, a resposta &#xE9; tudo. Quando era pequena, Liv e seu pai passavam horas tentando descobrir a localiza&#xE7;&#xE3;o de Atl&#xE2;ntida, mas, desde que ele foi embora sem explica&#xE7;&#xE3;o, ela evita pensar na cidade perdida a todo custo. Com dezessete anos, Liv tem uma nova vida, um novo namorado e est&#xE1; muito bem, obrigada.
At&#xE9; que um cart&#xE3;o-postal amassado chega de Santorini e faz seus planos irem por &#xE1;gua abaixo. Nele, seu pai explica que est&#xE1; gravando um document&#xE1;rio a respeito de Atl&#xE2;ntida e que mandou uma passagem de avi&#xE3;o para Liv ir at&#xE9; a Gr&#xE9;cia ajud&#xE1;-lo. Agora, ela ter&#xE1; que deixar para tr&#xE1;s tudo que construiu e embarcar rumo ao desconhecido.
O reencontro dos dois traz &#xE0; tona milhares de perguntas e emo&#xE7;&#xF5;es, e, para piorar, Theo, o assistente charmoso de seu pai, insiste em filmar esses momentos constrangedores. Pelo menos Liv pode aproveitar a ilha paradis&#xED;aca, com seu p&#xF4;r do sol magn&#xED;fico, a &#xE1;gua turquesa, as casinhas brancas e a culin&#xE1;ria deliciosa. Por&#xE9;m, com o passar dos dias, a garota come&#xE7;a a desconfiar de que n&#xE3;o foi Atl&#xE2;ntida que a trouxe at&#xE9; ali, e sim algo muito mais importante.

Mas as coisas come&#xE7;am a mudar quando ela recebe um antigo di&#xE1;rio da m&#xE3;e. Nele, a menina embarca em uma misteriosa hist&#xF3;ria de amor, que pode explicar suas pr&#xF3;prias origens. No meio desse turbilh&#xE3;o de emo&#xE7;&#xF5;es, Lina ainda conhece Ren e Thomas, dois meninos lindos que v&#xE3;o mexer ainda mais com seu cora&#xE7;&#xE3;o.
Uma trajet&#xF3;ria que far&#xE1; Lina descobrir o amor, a si mesma e tamb&#xE9;m aprender a lidar com a perda. Amor &amp; gelato &#xE9; uma deliciosa viagem pelos mais rom&#xE2;nticos pontos tur&#xED;sticos italianos, com direito a tudo de mais intenso que o lugar tem a oferecer: desde paix&#xF5;es at&#xE9; cora&#xE7;&#xF5;es partidos.</subfield>
  </datafield>
  <datafield tag="697" ind1=" " ind2=" ">
    <subfield code="a">Literatura  infanto-juvenil</subfield>
  </datafield>
  <datafield tag="700" ind1=" " ind2=" ">
    <subfield code="a">Diniz, Viviane</subfield>
    <subfield code="e">tradutor</subfield>
  </datafield>
  <datafield tag="856" ind1=" " ind2=" ">
    <subfield code="u">000030/0000305d.jpg</subfield>
  </datafield>
  <datafield tag="942" ind1=" " ind2=" ">
    <subfield code="c">BK</subfield>
    <subfield code="2">udc</subfield>
  </datafield>
  <datafield tag="952" ind1=" " ind2=" ">
    <subfield code="0">0</subfield>
    <subfield code="1">0</subfield>
    <subfield code="2">ddc</subfield>
    <subfield code="4">0</subfield>
    <subfield code="7">0</subfield>
    <subfield code="a">12.28</subfield>
    <subfield code="b">12.28</subfield>
    <subfield code="d">2022-05-05</subfield>
    <subfield code="l">1</subfield>
    <subfield code="o">Year 7 [Fic] WEL</subfield>
    <subfield code="p">00058561SSW</subfield>
    <subfield code="q">2024-04-07</subfield>
    <subfield code="r">2024-02-07 21:37:23</subfield>
    <subfield code="s">2024-02-07</subfield>
    <subfield code="w">2024-01-23</subfield>
    <subfield code="y">BK</subfield>
  </datafield>
  <datafield tag="952" ind1=" " ind2=" ">
    <subfield code="0">0</subfield>
    <subfield code="1">0</subfield>
    <subfield code="2">ddc</subfield>
    <subfield code="4">0</subfield>
    <subfield code="7">0</subfield>
    <subfield code="a">12.27</subfield>
    <subfield code="b">12.27</subfield>
    <subfield code="d">2024-03-21</subfield>
    <subfield code="l">2</subfield>
    <subfield code="o">A Year 7 [Fic] WEL</subfield>
    <subfield code="p">7910508855AGC</subfield>
    <subfield code="r">2024-07-29 16:38:10</subfield>
    <subfield code="s">2024-06-07</subfield>
    <subfield code="w">2024-03-21</subfield>
    <subfield code="y">BK</subfield>
    <subfield code="u"></subfield>
  </datafield>
  <datafield tag="952" ind1=" " ind2=" ">
    <subfield code="0">0</subfield>
    <subfield code="1">0</subfield>
    <subfield code="4">0</subfield>
    <subfield code="7">0</subfield>
    <subfield code="a">12.22</subfield>
    <subfield code="b">12.22</subfield>
    <subfield code="d">2024-04-30</subfield>
    <subfield code="l">0</subfield>
    <subfield code="o">813 WEL AMO</subfield>
    <subfield code="p">EST00012740</subfield>
    <subfield code="r">2024-04-30 22:15:09</subfield>
    <subfield code="w">2024-04-30</subfield>
    <subfield code="y">BK</subfield>
  </datafield>
  <datafield tag="999" ind1=" " ind2=" ">
    <subfield code="c">118431</subfield>
    <subfield code="d">118431</subfield>
  </datafield>
</record>
